[Event "Bad Woerishofen Seniors op 32nd"]
[Site "Bad Woerishofen"]
[Date "2016.02.26"]
[Round "1"]
[White "Dallmeier, Gerhard"]
[Black "Kelchner, Hans"]
[Result "0-1"]
[WhiteElo "1841"]
[BlackElo "2157"]
[PlyCount "52"]
[EventDate "2016.02.26"]
[EventType "swiss"]
[EventRounds "9"]
[EventCountry "GER"]
[SourceTitle "EXT 2019"]
[Source "ChessBase"]
[SourceDate "2018.10.10"]
[SourceVersion "1"]
[SourceVersionDate "2018.10.10"]
[SourceQuality "1"]

1. e4 c6 2. d4 d5 3. e5 c5 4. c3 cxd4 5. cxd4 Nc6 6. Nf3 Bg4 7. Be2 Qb6 8. Nc3 e6 9. Na4 Bb4+ 10. Kf1 Qc7 11. a3 Be7 12. Be3 f6 13. exf6 Nxf6 14. Ne1 Bxe2+ 15. Qxe2 0-0 16. g3 e5 17. dxe5 Qxe5 18. Nd3 Qe4 19. Rg1 Qxa4 20. Rc1 d4 21. Bf4 Rae8 22. Qd2 Qb5 23. f3 Nd5 24. Kf2 Nxf4 25. Nxf4 Bg5 26. Rce1 Qf5 0-1

[Event "Bad Woerishofen Seniors op 30th"]
[Site "Bad Woerishofen"]
[Date "2014.03.29"]
[Round "9"]
[White "Dallmeier, Gerhard"]
[Black "Thiel, Harry"]
[Result "1-0"]
[WhiteElo "1852"]
[BlackElo "1752"]
[PlyCount "51"]
[EventDate "2014.03.21"]
[EventType "swiss"]
[EventRounds "9"]
[EventCountry "GER"]
[SourceTitle "EXT 2019"]
[Source "ChessBase"]
[SourceDate "2018.10.10"]
[SourceVersion "1"]
[SourceVersionDate "2018.10.10"]
[SourceQuality "1"]

1. e4 e5 2. Nf3 Nc6 3. Bb5 a6 4. Ba4 Nf6 5. d3 b5 6. Bb3 Be7 7. c3 d6 8. Nbd2 0-0 9. Nf1 Bg4 10. h3 Bh5 11. Ng3 Bg6 12. Nh4 Nxe4 13. Nxg6 Nxg3 14. Nxe7+ Nxe7 15. fxg3 Nf5 16. Qf3 Qd7 17. 0-0 c6 18. Qxf5 Qa7+ 19. Kh2 Rae8 20. Qh5 Qb7 21. Bd2 d5 22. Rae1 e4 23. dxe4 dxe4 24. Be3 Qc7 25. Bf4 Qb7 26. Bd6 1-0

[Event "Bad Woerishofen Seniors op 30th"]
[Site "Bad Woerishofen"]
[Date "2014.03.27"]
[Round "7"]
[White "Dallmeier, Gerhard"]
[Black "Narr, Irmgard"]
[Result "1-0"]
[WhiteElo "1852"]
[BlackElo "1761"]
[PlyCount "77"]
[EventDate "2014.03.21"]
[EventType "swiss"]
[EventRounds "9"]
[EventCountry "GER"]
[SourceTitle "EXT 2019"]
[Source "ChessBase"]
[SourceDate "2018.10.10"]
[SourceVersion "1"]
[SourceVersionDate "2018.10.10"]
[SourceQuality "1"]

1. e4 e6 2. d4 d5 3. e5 c5 4. c3 Bd7 5. Nf3 Qb6 6. Be2 Nc6 7. 0-0 cxd4 8. cxd4 Nge7 9. Na3 Nf5 10. Nc2 Nb4 11. Nxb4 Bxb4 12. a3 Be7 13. g4 Nh4 14. Nxh4 Bxh4 15. b4 Be7 16. Be3 0-0 17. f4 a6 18. Rf3 Bb5 19. Rh3 Bxe2 20. Qxe2 f5 21. g5 g6 22. Rg3 Rac8 23. h4 Rc4 24. h5 Qb5 25. Qh2 Qe8 26. hxg6 Qxg6 27. Rh3 Rfc8 28. Rh6 Qf7 29. g6 Qg7 30. Qh5 Rc3 31. Rxh7 Bf8 32. Rxg7+ Bxg7 33. Kf2 Rc2+ 34. Kf3 R8c3 35. Qg5 Rh2 36. Qg3 Rd2 37. Rc1 Rxa3 38. Rc8+ Bf8 39. g7 1-0

[Event "Bad Woerishofen Seniors op 30th"]
[Site "Bad Woerishofen"]
[Date "2014.03.24"]
[Round "4"]
[White "Reimann, Guenther"]
[Black "Dallmeier, Gerhard"]
[Result "1-0"]
[WhiteElo "1929"]
[BlackElo "1852"]
[PlyCount "89"]
[EventDate "2014.03.21"]
[EventType "swiss"]
[EventRounds "9"]
[EventCountry "GER"]
[SourceTitle "EXT 2019"]
[Source "ChessBase"]
[SourceDate "2018.10.10"]
[SourceVersion "1"]
[SourceVersionDate "2018.10.10"]
[SourceQuality "1"]

1. c4 Nf6 2. Nf3 g6 3. g3 Bg7 4. Bg2 d6 5. d4 0-0 6. 0-0 Nbd7 7. Nc3 e5 8. Bg5 h6 9. Bxf6 Bxf6 10. Nd5 Bg7 11. e3 c6 12. Nc3 Re8 13. Qc2 Nf6 14. dxe5 dxe5 15. Rad1 Qe7 16. Rd2 Bg4 17. e4 Bd7 18. Rfd1 Rad8 19. h3 h5 20. a3 Bc8 21. Rxd8 Rxd8 22. Rxd8+ Qxd8 23. Nxe5 Nxe4 24. Qxe4 Bf5 25. Qe1 Qe8 26. Nf3 Qd7 27. Qd2 Qe7 28. Qe3 Be6 29. Nd4 Qc5 30. Nxe6 Qxe3 31. fxe3 fxe6 32. Na4 Be5 33. Kf2 Kf7 34. g4 hxg4 35. hxg4 Kf6 36. b3 Bd6 37. b4 g5 38. Nc5 Bxc5 39. bxc5 Ke5 40. Ke2 a6 41. Kd3 Kf6 42. Ke4 e5 43. Kd3 a5 44. Be4 Ke6 45. Bf5+ 1-0

[Event "Bad Woerishofen Seniors op 28th"]
[Site "Bad Woerishofen"]
[Date "2012.03.10"]
[Round "9.52"]
[White "Dallmeier, Gerhard"]
[Black "Muehlhan, Klaus"]
[Result "0-1"]
[WhiteElo "1604"]
[BlackElo "1899"]
[PlyCount "88"]
[EventDate "2012.03.02"]
[EventType "swiss"]
[EventRounds "9"]
[EventCountry "GER"]
[SourceTitle "EXT 2022"]
[Source "ChessBase"]
[SourceDate "2021.10.06"]
[SourceVersion "1"]
[SourceVersionDate "2021.10.06"]
[SourceQuality "1"]

1. e4 e5 2. Nf3 Nc6 3. d4 exd4 4. Nxd4 Bc5 5. Nb3 Bb6 6. Nc3 Qf6 7. Qe2 Nge7 8. Be3 d6 9. Bxb6 axb6 10. Qd2 0-0 11. Be2 Be6 12. 0-0 Ng6 13. f4 Bxb3 14. cxb3 Nge7 15. Rad1 Ra5 16. a3 Rd8 17. b4 Raa8 18. Rf3 g6 19. Qe3 Kh8 20. Kh1 Qg7 21. Bc4 f5 22. b5 Na5 23. Ba2 fxe4 24. Qxe4 d5 25. Qc2 c6 26. Rfd3 Rf8 27. Qd2 Qh6 28. Ne2 Rae8 29. Rh3 Qg7 30. Nd4 Nf5 31. Nf3 Re3 32. g4 Nb3 33. Bxb3 Rxb3 34. gxf5 Rxb2 35. Qe3 Rxf5 36. Ng5 h5 37. Qe8+ Rf8 38. Qe3 Qf6 39. Qf3 Kg7 40. Rg1 Kg8 41. Qd3 Qf5 42. Qxf5 Rxf5 43. Re3 Rxf4 44. Re7 Rff2 0-1

[Event "GER-ch Seniors 23rd"]
[Site "Halle"]
[Date "2011.08.13"]
[Round "9"]
[White "Froehlich, Werner"]
[Black "Dallmeier, Gerhard"]
[Result "0-1"]
[WhiteElo "1436"]
[BlackElo "1882"]
[PlyCount "86"]
[EventDate "2011.08.05"]
[EventType "swiss"]
[EventRounds "9"]
[EventCountry "GER"]
[SourceTitle "CBM 144 Extra"]
[Source "ChessBase"]
[SourceDate "2011.10.28"]
[SourceVersion "1"]
[SourceVersionDate "2011.10.28"]
[SourceQuality "1"]

1. e4 c5 2. f4 Nc6 3. Nf3 g6 4. Bc4 e6 5. 0-0 Bg7 6. Nc3 Nge7 7. a3 0-0 8. d3 d5 9. exd5 exd5 10. Bb3 Nd4 11. Nxd4 Bxd4+ 12. Kh1 Be6 13. Ne2 Bg7 14. c3 Nf5 15. d4 cxd4 16. Nxd4 Nxd4 17. cxd4 Rc8 18. Be3 Bf5 19. Qd2 Be4 20. Rac1 Qb6 21. Qb4 Qe6 22. Qd2 Qg4 23. Qf2 Qf5 24. Bd2 h5 25. Bc3 Bf6 26. Kg1 h4 27. Bd1 h3 28. gxh3 Qxh3 29. Bf3 Rfe8 30. Bxe4 Rxe4 31. Kh1 Rce8 32. Qg3 Qh5 33. h3 Re3 34. Qg2 Rxh3+ 35. Kg1 Re2 36. Rf2 Rxf2 37. Qxh3 Qxh3 38. Kxf2 Bh4+ 39. Ke2 Qg2+ 40. Kd1 Bg3 41. Bd2 Bxf4 42. Rc8+ Kg7 43. Bxf4 Qg4+ 0-1

[Event "GER-ch Seniors 23rd"]
[Site "Halle"]
[Date "2011.08.10"]
[Round "6"]
[White "Dallmeier, Gerhard"]
[Black "Ptitsyn, Vadim"]
[Result "1/2-1/2"]
[WhiteElo "1882"]
[BlackElo "1747"]
[PlyCount "63"]
[EventDate "2011.08.05"]
[EventType "swiss"]
[EventRounds "9"]
[EventCountry "GER"]
[SourceTitle "CBM 144 Extra"]
[Source "ChessBase"]
[SourceDate "2011.10.28"]
[SourceVersion "1"]
[SourceVersionDate "2011.10.28"]
[SourceQuality "1"]

1. e4 e5 2. Nf3 Nc6 3. d4 exd4 4. Nxd4 Bc5 5. Nb3 Bb6 6. Nc3 Nf6 7. Bg5 d6 8. h3 Be6 9. Qe2 h6 10. Bh4 g5 11. Bg3 Qe7 12. 0-0-0 0-0-0 13. Kb1 Nd7 14. Qd2 a6 15. Nd5 Bxd5 16. exd5 Nce5 17. Re1 Rde8 18. f4 gxf4 19. Bxf4 f6 20. Bxh6 Qf7 21. Be2 Qg6 22. Bf4 Qxg2 23. Bxe5 fxe5 24. Bg4 Qxd2 25. Nxd2 Kd8 26. Ne4 Ke7 27. Rhf1 Ref8 28. Ng5 Nf6 29. Be6 c6 30. c4 Rh4 31. b3 Ba5 32. Re2 1/2-1/2

[Event "Bad Griesbach Seniors op 12th"]
[Site "Bad Griesbach"]
[Date "2009.12.04"]
[Round "6"]
[White "Dallmeier, Gerhard"]
[Black "Koenigl, Anton"]
[Result "1-0"]
[WhiteElo "1707"]
[BlackElo "1736"]
[PlyCount "39"]
[EventDate "2009.11.29"]
[EventType "swiss"]
[EventRounds "7"]
[EventCountry "GER"]
[SourceTitle "EXT 2015"]
[Source "ChessBase"]
[SourceDate "2014.11.20"]
[SourceVersion "1"]
[SourceVersionDate "2014.11.20"]
[SourceQuality "1"]

1. e4 c5 2. Nf3 e6 3. d4 cxd4 4. Nxd4 a6 5. Bd3 Nf6 6. f4 d6 7. Qf3 Nbd7 8. Nc3 Be7 9. g4 e5 10. Nf5 0-0 11. g5 Nxe4 12. Bxe4 Nc5 13. Nxe7+ Qxe7 14. Nd5 Qd8 15. Bd2 exf4 16. 0-0-0 Qxg5 17. Rhg1 Qd8 18. Bxh7+ Kxh7 19. Qh5+ Kg8 20. Rxg7+ 1-0

[Event "Bad Griesbach Seniors op 12th"]
[Site "Bad Griesbach"]
[Date "2009.12.02"]
[Round "4"]
[White "Dallmeier, Gerhard"]
[Black "Stoehr, Herbert"]
[Result "0-1"]
[WhiteElo "1707"]
[BlackElo "1909"]
[PlyCount "106"]
[EventDate "2009.11.29"]
[EventType "swiss"]
[EventRounds "7"]
[EventCountry "GER"]
[SourceTitle "EXT 2015"]
[Source "ChessBase"]
[SourceDate "2014.11.20"]
[SourceVersion "1"]
[SourceVersionDate "2014.11.20"]
[SourceQuality "1"]

1. e4 c5 2. Nf3 d6 3. d4 cxd4 4. Nxd4 Nf6 5. Nc3 a6 6. f4 Bg4 7. Be2 Bxe2 8. Qxe2 Nc6 9. Be3 e6 10. g4 Qa5 11. Nb3 Qc7 12. g5 Nd7 13. 0-0-0 0-0-0 14. Qf2 Be7 15. Na4 b5 16. Nb6+ Kb7 17. Nxd7 Rxd7 18. Kb1 Rhd8 19. Rd2 Na5 20. Nxa5+ Qxa5 21. Rd3 Rc8 22. Ra3 Qd8 23. Bd2 Rc6 24. Ba5 Qc8 25. Rc3 Bd8 26. Bxd8 Qxd8 27. Rxc6 Kxc6 28. Qd4 f5 29. gxf6 Qxf6 30. Qxf6 gxf6 31. Rg1 d5 32. e5 fxe5 33. fxe5 Rf7 34. Kc1 Rf5 35. Re1 d4 36. Kd2 Kd5 37. Rg1 Kxe5 38. Rg7 Rh5 39. Ra7 Rxh2+ 40. Kd3 Rh3+ 41. Kd2 Ke4 42. Rxa6 e5 43. Re6 Rh2+ 44. Kc1 Kf4 45. Rf6+ Ke3 46. b3 e4 47. Rb6 Rh5 48. Rd6 Rc5 49. Rh6 d3 50. Rh3+ Kd4 51. Rxh7 Rxc2+ 52. Kb1 Rc5 53. Rd7+ Kc3 0-1

[Event "Bad Griesbach Seniors op 11th"]
[Site "Bad Griesbach"]
[Date "2008.12.12"]
[Round "6"]
[White "Kiener, Norbert"]
[Black "Dallmeier, Gerhard"]
[Result "1/2-1/2"]
[WhiteElo "1598"]
[BlackElo "1658"]
[PlyCount "63"]
[EventDate "2008.12.07"]
[EventType "swiss"]
[EventRounds "7"]
[EventCountry "GER"]
[SourceTitle "EXT 2015"]
[Source "ChessBase"]
[SourceDate "2014.11.20"]
[SourceVersion "1"]
[SourceVersionDate "2014.11.20"]
[SourceQuality "1"]

1. d4 Nf6 2. c4 g6 3. Nc3 Bg7 4. e4 d6 5. Be2 0-0 6. Be3 Nbd7 7. Qd2 e5 8. d5 Nc5 9. f3 a5 10. Bd1 Bd7 11. Nge2 Ne8 12. Bc2 f5 13. exf5 gxf5 14. 0-0 b6 15. Nc1 f4 16. Bxc5 dxc5 17. g4 Nd6 18. Bd3 Qg5 19. Ne4 Qh4 20. Qf2 Qxf2+ 21. Rxf2 Nxe4 22. Bxe4 Rae8 23. Ne2 Bf6 24. Kg2 Kh8 25. Rh1 Bh4 26. Rff1 Rg8 27. h3 Ref8 28. Nc3 Ra8 29. Rd1 a4 30. Rd2 Ra5 31. Bd3 Re8 32. Re2 1/2-1/2

[Event "Bad Griesbach Seniors op 11th"]
[Site "Bad Griesbach"]
[Date "2008.12.11"]
[Round "5"]
[White "Dallmeier, Gerhard"]
[Black "Breitfuss, Joachim"]
[Result "1-0"]
[WhiteElo "1658"]
[BlackElo "1425"]
[PlyCount "43"]
[EventDate "2008.12.07"]
[EventType "swiss"]
[EventRounds "7"]
[EventCountry "GER"]
[SourceTitle "EXT 2015"]
[Source "ChessBase"]
[SourceDate "2014.11.20"]
[SourceVersion "1"]
[SourceVersionDate "2014.11.20"]
[SourceQuality "1"]

1. e4 c6 2. d4 d5 3. f3 dxe4 4. fxe4 e6 5. Nf3 c5 6. c3 Nc6 7. Be3 cxd4 8. cxd4 Bb4+ 9. Nc3 Nf6 10. Bd3 0-0 11. 0-0 h6 12. g3 b6 13. e5 Nd5 14. Bd2 Nxc3 15. bxc3 Be7 16. Qe1 f5 17. exf6 Rxf6 18. Qe4 Qe8 19. Qh7+ Kf8 20. Qh8+ Kf7 21. Bg6+ Rxg6 22. Ne5# 1-0

[Event "Bad Griesbach Seniors op 11th"]
[Site "Bad Griesbach"]
[Date "2008.12.10"]
[Round "4"]
[White "Alefs, Heinz"]
[Black "Dallmeier, Gerhard"]
[Result "1-0"]
[WhiteElo "1632"]
[BlackElo "1658"]
[PlyCount "61"]
[EventDate "2008.12.07"]
[EventType "swiss"]
[EventRounds "7"]
[EventCountry "GER"]
[SourceTitle "EXT 2015"]
[Source "ChessBase"]
[SourceDate "2014.11.20"]
[SourceVersion "1"]
[SourceVersionDate "2014.11.20"]
[SourceQuality "1"]

1. d4 Nf6 2. Bf4 g6 3. Nf3 Bg7 4. e3 0-0 5. Be2 d6 6. 0-0 Nh5 7. Bg5 f6 8. Bh4 g5 9. Ne1 gxh4 10. Bxh5 f5 11. f4 c6 12. Rf3 Kh8 13. Rh3 Bf6 14. Nf3 e6 15. Qe1 Rg8 16. Nxh4 Bxh4 17. Rxh4 Qf6 18. Nd2 Bd7 19. Nf3 Be8 20. Bxe8 Rxe8 21. Ng5 Re7 22. Rh5 Nd7 23. Qh4 Qg6 24. Rh6 Qg8 25. Rf1 Rf8 26. Rf3 Rf6 27. Rg3 Rxh6 28. Qxh6 Qg6 29. Qh4 Qf6 30. Rh3 Qg7 31. Nxh7 1-0

[Event "Bad Griesbach Seniors op 11th"]
[Site "Bad Griesbach"]
[Date "2008.12.07"]
[Round "1"]
[White "Dallmeier, Gerhard"]
[Black "Kugelmann, Werner"]
[Result "0-1"]
[WhiteElo "1658"]
[BlackElo "2105"]
[PlyCount "38"]
[EventDate "2008.12.07"]
[EventType "swiss"]
[EventRounds "7"]
[EventCountry "GER"]
[SourceTitle "EXT 2015"]
[Source "ChessBase"]
[SourceDate "2014.11.20"]
[SourceVersion "1"]
[SourceVersionDate "2014.11.20"]
[SourceQuality "1"]

1. e4 e6 2. d4 d5 3. e5 c5 4. c3 Nc6 5. a3 Qb6 6. Nf3 Bd7 7. b4 cxd4 8. cxd4 Rc8 9. Bb2 a5 10. b5 Na7 11. a4 Nh6 12. Bd3 Bb4+ 13. Nfd2 Nf5 14. Bxf5 exf5 15. 0-0 f4 16. Qf3 Rc2 17. Qxf4 Rxb2 18. e6 Bxe6 19. Rc1 0-0 0-1

[Event "Seefeld op 19th"]
[Site "Seefeld"]
[Date "2008.09.13"]
[Round "9"]
[White "Dallmeier, Gerhard"]
[Black "Lettenbichler, Marco"]
[Result "1-0"]
[WhiteElo "1850"]
[BlackElo "1558"]
[PlyCount "31"]
[EventDate "2008.09.05"]
[EventType "swiss"]
[EventRounds "9"]
[EventCountry "AUT"]
[SourceTitle "EXT 2019"]
[Source "ChessBase"]
[SourceDate "2018.10.10"]
[SourceVersion "1"]
[SourceVersionDate "2018.10.10"]
[SourceQuality "1"]

1. e4 e5 2. Nf3 Nc6 3. Bb5 Bc5 4. 0-0 Nge7 5. c3 0-0 6. d3 h6 7. Nxe5 Nxe5 8. d4 a6 9. Ba4 b5 10. Bb3 Bd6 11. dxe5 Bxe5 12. f4 Bd6 13. Be3 c6 14. Qxd6 Re8 15. Rf3 Ng6 16. Qxg6 1-0

[Event "Seefeld op 19th"]
[Site "Seefeld"]
[Date "2008.09.11"]
[Round "7"]
[White "Dallmeier, Gerhard"]
[Black "Ganslmayer, Herbert"]
[Result "1/2-1/2"]
[WhiteElo "1850"]
[BlackElo "2026"]
[PlyCount "92"]
[EventDate "2008.09.05"]
[EventType "swiss"]
[EventRounds "9"]
[EventCountry "AUT"]
[SourceTitle "EXT 2010"]
[Source "ChessBase"]
[SourceDate "2010.11.25"]
[SourceVersion "1"]
[SourceVersionDate "2010.11.25"]
[SourceQuality "1"]

1. e4 c6 2. d4 g6 3. Nc3 Bg7 4. Be3 d5 5. f3 h5 6. h4 Nd7 7. Qd2 a6 8. 0-0-0 Nb6 9. Kb1 a5 10. a3 Be6 11. Nh3 Bxh3 12. Rxh3 Qd7 13. Be2 e6 14. e5 Ne7 15. g4 Qc7 16. Bf4 Nd7 17. Bd3 b5 18. Na2 Nb6 19. b3 a4 20. b4 Nc4 21. Bxc4 dxc4 22. Bg5 0-0-0 23. Qe2 Rd7 24. Nc3 Rhd8 25. Bxe7 Rxe7 26. Ne4 Rd5 27. Nd6+ Kb8 28. c3 Rxd6 29. exd6 Qxd6 30. Qd2 Kb7 31. g5 Qd5 32. Rg3 Rd7 33. f4 Bf8 34. Kb2 c5 35. Qg2 cxb4 36. Qxd5+ Rxd5 37. axb4 Kc6 38. Re1 Bd6 39. Re4 Rf5 40. Rf3 Kd5 41. Re1 Bxf4 42. Ref1 Ke4 43. Kc2 e5 44. dxe5 Bxe5 45. Rxf5 gxf5 46. Re1+ Kf4 1/2-1/2

[Event "Bad Woerishofen Seniors op 24th"]
[Site "Bad Woerishofen"]
[Date "2008.03.07"]
[Round "9"]
[White "Dallmeier, Gerhard"]
[Black "Collins, Alan"]
[Result "1/2-1/2"]
[WhiteElo "1818"]
[BlackElo "1851"]
[PlyCount "33"]
[EventDate "2008.02.28"]
[EventType "swiss"]
[EventRounds "9"]
[EventCountry "GER"]
[SourceTitle "EXT 2019"]
[Source "ChessBase"]
[SourceDate "2018.10.10"]
[SourceVersion "1"]
[SourceVersionDate "2018.10.10"]
[SourceQuality "1"]

1. e4 d5 2. e5 c5 3. d4 cxd4 4. Qxd4 e6 5. a3 Bd7 6. Nf3 h6 7. Bd3 Nc6 8. Qe3 Qa5+ 9. Bd2 Qc7 10. 0-0 Nge7 11. b4 a6 12. Bc3 Nc8 13. Nbd2 N6a7 14. Bd4 Nb5 15. c4 Nxd4 16. Nxd4 Ne7 17. c5 1/2-1/2

[Event "Bad Woerishofen Seniors op 24th"]
[Site "Bad Woerishofen"]
[Date "2008.03.04"]
[Round "6"]
[White "Aigner, Georg"]
[Black "Dallmeier, Gerhard"]
[Result "1-0"]
[WhiteElo "1834"]
[BlackElo "1743"]
[PlyCount "73"]
[EventDate "2008.02.28"]
[EventType "swiss"]
[EventRounds "9"]
[EventCountry "GER"]
[SourceTitle "EXT 2022"]
[Source "ChessBase"]
[SourceDate "2021.10.06"]
[SourceVersion "1"]
[SourceVersionDate "2021.10.06"]
[SourceQuality "1"]

1. e4 c5 2. Nf3 d6 3. Bc4 Nf6 4. Nc3 a6 5. Ng5 e6 6. d4 cxd4 7. Qxd4 Nc6 8. Qe3 h6 9. Qh3 Ne5 10. Bb3 Ng6 11. Nf3 e5 12. g4 h5 13. Qg2 Be6 14. Bxe6 fxe6 15. gxh5 Ne7 16. Ng5 Qd7 17. Be3 Rxh5 18. 0-0-0 d5 19. f4 exf4 20. Bxf4 Ng6 21. Nxe6 Nxf4 22. Nxf4 Rh6 23. e5 Ng8 24. Ncxd5 Qc6 25. Qg1 0-0-0 26. Qa7 b5 27. e6 Bc5 28. Qxg7 Rh4 29. Qg5 Rh7 30. Qf5 Re7 31. Nxe7+ Nxe7 32. Rxd8+ Kxd8 33. Rd1+ Kc8 34. Qf8+ Kb7 35. Rd7+ Kb6 36. Qd8+ Qc7 37. Qxc7# 1-0